000 00672nam a2200277Ia 4500
005 20260121124609.0
008 008 260114s9999 xx 000 0 eng d
020 _a9780520324336
037 _aEBOOK
040 _aCRL
040 _beng
040 _cCRL
041 _2eng
041 _aeng
084 _qCRL
100 _aRosen, George
_9978689
245 0 _aDemocracy and Economic Change in India
260 _bWalter de Gruyter
260 _bWalter de Gruyter
260 _c1966
650 _aPolitical Science
_9978690
856 _uhttp://www.degruyter.com/isbn/9780520324336
942 _cEBOOK
999 _c1555783
_d1555783